| 000 | 00664nam a2200217Ia 4500 | ||
|---|---|---|---|
| 999 |
_c41083 _d41083 |
||
| 001 | 7732 | ||
| 003 | GE_BSU | ||
| 005 | 20220923110226.0 | ||
| 008 | 181216s2011en xx |||||||||||||| ||eng|| | ||
| 020 | _a9780470656617 | ||
| 040 | _cGE_BSU | ||
| 041 | _aeng | ||
| 080 | _a553.981(084.4) G-47 | ||
| 100 |
_aGuoyi,Li _914716 |
||
| 245 |
_aWorld Atlas of oil and gas basins / _cLi Guoyi |
||
| 264 |
_aOxford : _bWiley-Blackwell, _c2011. |
||
| 300 |
_a474 p. ; _c30 cm. |
||
| 653 | _aWorld Atlas of oil and gas basins | ||
| 653 | _aნავთობისა და გაზის აუზების მსოფლიო ატლასი | ||
| 942 |
_cBK _2udc |
||